000 00649nam a2200205Ii 4500
003 JO-AjNU
008 230605s9999||||xx |||||||||||||| ||und||
040 _aJO-AjNU
_bara
_erda
_cJO-AjNU
041 _aara
050 1 4 _aKMU166.3.K4868.1987
100 3 _a الخوري، فارس ,
_eauthor
_944369
245 0 0 _aأصول المحاكمات الحقوقية : دروس نظرية وعلمية
250 _aط2
264 3 1 _aعمان : الدار العربية ، 1987
300 _a611ص
336 _atext
_btxt
_2rdacontent
337 _aunmediated
_bn
_2rdamedia
338 _avolume
_bnc
_2rdacarrier
650 4 _aمحاكمات
_944370
999 _aA19151
_c22719
_d22719